Geography of India: (Record no. 207376)

MARC details
000 -LEADER
fixed length control field 00604nam a22001937a 4500
005 - DATE AND TIME OF LATEST TRANSACTION
control field 20241203160110.0
010 ## - LCCN (DPL NO)
LC control number ENG-142792
020 ## - INTERNATIONAL STANDARD BOOK NUMBER
International Standard Book Number 9789364441889
Terms of availability 599.00
035 ## - SYSTEM CONTROL NUMBER
System control number EN-126324
037 ## - SOURCE OF ACQUISITION
Source of stock number/acquisition DBAD
082 ## - DEWEY DECIMAL CLASSIFICATION NUMBER
Classification number 913
Edition number 1
100 ## - MAIN ENTRY--PERSONAL NAME
Personal name P. Ravikumar
245 ## - TITLE STATEMENT
Title Geography of India:
Remainder of title From Himalayas to Coastlines/
Statement of responsibility, etc by P. Ravikumar
250 ## - EDITION STATEMENT
Edition statement 1
260 ## - PUBLICATION, DISTRIBUTION, ETC. (IMPRINT)
Place of publication, distribution, etc Chennai
Name of publisher, distributor, etc McGraw Hill Education Private Ltd
Date of publication, distribution, etc 2024
270 ## - ADDRESS
Address Anjana Complex No. 5/90 A, Butt Road, St Thomas Mount
City Chennai
Postal code 600016
300 ## - PHYSICAL DESCRIPTION
Extent 586p.
Dimensions 24cm(pb)
942 ## - ADDED ENTRY ELEMENTS (KOHA)
Source of classification or shelving scheme Dewey Decimal Classification
Item type English Books
Call number suffix PRA
Classification part 913
Edition 1
Holdings
Withdrawn status Lost status Not for loan Collection code Home library Current library Date acquired Source of acquisition Cost, normal purchase price Full call number Barcode Copy number Cost, replacement price Koha item type
      Non-fiction Central Library Central Library 03/12/2024 Delivery of Books Act Division 599.00 PRA 913 EN-126324 1 599.00 English Books

© Delhi Public Library
Hit Counter
free hit counter